Un siglo de poesía romántica. (Record no. 144351)

MARC details
000 -LEADER
campo de control de longitud fija 00345nam a2200133 4500
001 - NÚMERO DE CONTROL
campo de control 144351
003 - IDENTIFICADOR DE NÚMERO DE CONTROL
campo de control ES-MaACL
007 - CAMPO FIJO DE DESCRIPCIÓN FÍSICA--INFORMACIÓN GENERAL
campo de control de longitud fija t|
008 - DATOS DE LONGITUD FIJA--INFORMACIÓN GENERAL
campo de control de longitud fija 070214q1954 sp r ||||1| spa d
245 03 - MENCIÓN DEL TÍTULO
Título Un siglo de poesía romántica.
260 ## - PUBLICACIÓN, DISTRIBUCIÓN, ETC.
Lugar de publicación, distribución, etc. Barcelona :
Nombre del editor, distribuidor, etc. Hymsa,
Fecha de publicación, distribución, etc. [1954?]
300 ## - DESCRIPCIÓN FÍSICA
Extensión 383 p. :
Otras características físicas il. ;
Dimensiones 14 cm.
852 ## - LOCALIZACIÓN
Ubicación ES-MaACL
Número de control de estantería C-8072
Sublocalización o colección R.35973
Holdings
Estatus retirado Estado de pérdida Estado de daño No para préstamo Biblioteca de origen Biblioteca actual Ubicación en estantería Fecha de adquisición Fuente de adquisición Total de préstamos Signatura topográfica completa Código de barras Visto por última vez Precio de reemplazo Tipo de ítem Koha
        Biblioteca del Ateneo de Madrid Biblioteca del Ateneo de Madrid Sala Palomar 17/01/2008     C-8072 1150186 23/02/2023 23/02/2023 Libro impreso